000
00339nam a22001457a 4500
008
240126b ||||| |||| 00| 0 eng d
020
_a
9780710208590
041
_a
eng
080
_2
1986
_a
101
082
_a
101MAY
100
_a
44
101
_a
FILOZOFI
245
_a
THE PHILOSOPHY OF RIGHT AND WRONG
_c
BERNARD MAYO
942
_2
udc
_c
BK
999
_c
60554
_d
60554